000 01019nam a2200277Ia 4500
003 OSt
005 20221005112754.0
006 a|||||r|||| 00| 0
007 ta
008 221004b |||||||| |||| 00| 0 pan d
020 _a9788182992153
_c425
024 _a117460
037 _b569, 02/02/2012, H.K. Prakashan
_cTextual
040 _aCRL
_cCRL
_bpan
041 _2pan
_apan
082 _aO153,3N37:g, Q1
100 _aਨੇਗੀ, ਚੰਦਨl ਮਨਮੋਹਨ, ਥਦ।
_9624405
245 0 _aਸੁਲਗਦੇ ਰਾਹ
260 _aਦਿੱਲੀ
_bਆਰਸੀ ਪਬਲਿਰਗ਼ ਭਾਰਤ
_c2011
300 _a335ਪੰ
_ccm.
650 _a ਓੱਣਨ ਨੇਞ. ਣ. ਥੲਾਂਣ.ਟਾਂ
_9624406
650 _a ਪੰਜਾਬੀ ਨਾਵਲ
650 _aਪੰਜਾਬੀ ਸਾਹਿਤ
942 _hO153,3N37:g, Q1
_cTEXL
_2cc
999 _c1025917
_d1025917